Analýza zručností generácie Z v kontexte Industry 4.0

Príspevok sa zaoberá analýzou zručností generácie Z v oblasti Industry 4.0. Cieľom výskumu je zistiť, či generácia Z má nadobudnuté zručnosti v digitálnych technológiách, ktoré ponúka Industry 4.0. Identifikácia, ako sa rýchly rozvoj vývoja prispôsobí najmladšej generácii zamestnancov a aké zručnost...

Ausführliche Beschreibung

Gespeichert in:
Bibliographische Detailangaben
1. Verfasser: Haladová, Mária
Weitere Verfasser: Grajzová, Lucia, Čambál, Miloš
Format: Buchkapitel
Sprache:Slowakisch
Schlagworte:
Tags: Tag hinzufügen
Keine Tags, Fügen Sie das erste Tag hinzu!

MARC

LEADER 00000naa a2200000 4500
001 0296163
005 20240417075247.2
041 0 |a slo 
044 |a SK 
245 1 0 |a Analýza zručností generácie Z v kontexte Industry 4.0  |c Mária Haladová, Lucia Grajzová, Miloš Čambál 
520 |a Príspevok sa zaoberá analýzou zručností generácie Z v oblasti Industry 4.0. Cieľom výskumu je zistiť, či generácia Z má nadobudnuté zručnosti v digitálnych technológiách, ktoré ponúka Industry 4.0. Identifikácia, ako sa rýchly rozvoj vývoja prispôsobí najmladšej generácii zamestnancov a aké zručnosti a inovatívne prístupy prinesú do konceptu štvrtej priemyselnej revolúcie. Analýza súčasného stavu zrealizovaná pomocou dotazníkového prieskumu. Identifikácia zručností generácie Z v kontexte Industry 4.0 na Slovensku. 
610 2 0 |a zdroje ľudské 
610 2 0 |a zručnosti digitálne 
610 2 0 |a priemysel 4.0 
610 2 0 |a synergia 
610 2 0 |a generácie 
610 2 0 |a mládež 
610 2 0 |a Slovensko 
100 1 |a Haladová, Mária 
700 1 |a Grajzová, Lucia 
700 1 |a Čambál, Miloš